Normale Ansicht MARC-Ansicht ISBD

Okkupacija. Soprotivlenie. Vozmezdie : (Titelsatznr. 52094)

[ MARC ]
MARC-Details
000 -Satzkennung
Kontrollfeld mit fester Länge 00839nam a22002651c 4500
001 - Kontrollnummer
Kontrollfeld a987690962
008 - Feld mit fester Länge zur physischen Beschreibung - Allgemeine Angaben
Kontrollfeld mit fester Länge 181129s2016 gw |||| 000u rus d
020 ## - Internationale Standardbuchnummer
Internationale Standardbuchnummer 9785898965839
Verknüpfung 978-5-89896-583-9
041 ## - Sprachcode
Sprachcode des Textes/der Tonspur oder des separaten Titels rus
040 ## - Katalogisierungsquelle
Übertragungsstelle RU-10907106
003 - Kontrollnummer Identifier
Kontrollfeld RU-10907106
100 1# - Haupteintragung - Personenname
Personenname Astaškin, Dmitrij Jur'evič
245 00 - Titel
Titel Okkupacija. Soprotivlenie. Vozmezdie :
Zusatz zum Titel Nacistkij režim na Novgorodskoj zemle
264 ## - Produktion, Veröffentlichung, Distribution, Herstellung und Urheberrechtsvermerk
Herstellungs-, Veröffentlichungs- Vertriebs-, Erzeugungsort Velikij Novgorod,
Datum der Herstellung, der Veröffentlichung, des Vertriebs oder des Urheberschutzvermerks 2016
300 ## - Physische Beschreibung
Umfang 275 Seiten
650 #0 - Nebeneintragung unter einem Schlagwort - Sachschlagwort
Sachschlagwort oder geografischer Name als Eintragungselement Weltkrieg <1939-1945>
650 #0 - Nebeneintragung unter einem Schlagwort - Sachschlagwort
Sachschlagwort oder geografischer Name als Eintragungselement Widerstand
650 #0 - Nebeneintragung unter einem Schlagwort - Sachschlagwort
Sachschlagwort oder geografischer Name als Eintragungselement Russlandfeldzug <1941-1945>
650 #0 - Nebeneintragung unter einem Schlagwort - Sachschlagwort
Sachschlagwort oder geografischer Name als Eintragungselement Besetzung
651 #0 - Nebeneintragung unter einem Schlagwort - Geografischer Name
Geografischer Name Weliki Nowgorod
700 1# - Nebeneintragung - Personenname
Personenname Kovalev, Boris Nikolaevič
Funktionsbezeichnung VerfasserIn
700 1# - Nebeneintragung - Personenname
Personenname Kulik, Sergej Vladimirovič
Funktionsbezeichnung VerfasserIn
710 2# - Nebeneintragung - Körperschaftsname
Körperschafts- oder Gebietskörperschaftsname als Eintragungselement Novgorodskij gosudarstvennyj universitet imeni Jaroslava Mudrogo
942 ## - Zusätzliche Felder (Koha)
Koha-Medientyp Monographien
Exemplare
Ausgeschieden Verloren Klassifikation oder Aufstellungssystematik Beschädigt Nicht entleihbar Heimatbibliothek Aufenthaltsbibliothek Aufstellungsort Erwerbungsdatum Inventarnummer Signatur Barcode Letzte Aktivität Preis gültig von Koha-Medientyp
    Andere/Generische Klassifikation     MWN Osteuropa MWN Osteuropa Lesesaal - 1 29/11/2018 18-02575 D 52 rg Ast E00401506CBE030E 23/02/2021 22/03/2021 Monographien